<?xml version="1.0" encoding="UTF-8"?>
<marc:record xmlns:marc="http://www.loc.gov/MARC21/slim">
   <marc:leader>00000nam a2200000 a 4500</marc:leader>
   <marc:datafield ind1="1" ind2=" " tag="100">
      <marc:subfield code="a">Reitmaier, Pitt</marc:subfield>
      <marc:subfield code="4">aut</marc:subfield>
      <marc:subfield code="e">Verfasser/-in</marc:subfield>
   </marc:datafield>
   <marc:datafield ind1="1" ind2=" " tag="100">
      <marc:subfield code="a">Fortes, Lucete</marc:subfield>
      <marc:subfield code="4">aut</marc:subfield>
      <marc:subfield code="e">Verfasser/-in</marc:subfield>
   </marc:datafield>
   <marc:datafield ind1=" " ind2=" " tag="653">
      <marc:subfield code="a">Softcover / Reiseführer/Afrika</marc:subfield>
   </marc:datafield>
   <marc:datafield ind1=" " ind2=" " tag="653">
      <marc:subfield code="a">Führer</marc:subfield>
   </marc:datafield>
   <marc:datafield ind1="0" ind2="0" tag="245">
      <marc:subfield code="a">Cabo Verde</marc:subfield>
   </marc:datafield>
   <marc:datafield ind1="0" ind2="0" tag="245">
      <marc:subfield code="b">Handbuch für individuelles Entdecken ; der komplette Reiseführer für Reise, Freizeit und Kultur, geschrieben von Landeskennern mit jahrelanger Erfahrung auf den Inseln] = Kapverdische Inseln</marc:subfield>
   </marc:datafield>
   <marc:datafield ind1="0" ind2="0" tag="245">
      <marc:subfield code="c">Pitt Reitmaier ; Lucete Fortes</marc:subfield>
   </marc:datafield>
   <marc:datafield ind1=" " ind2="1" tag="264">
      <marc:subfield code="a">Bielefeld</marc:subfield>
      <marc:subfield code="b">Reise-Know-How-Verl. Rump</marc:subfield>
      <marc:subfield code="c">2009</marc:subfield>
   </marc:datafield>
   <marc:datafield ind1="1" ind2=" " tag="490">
      <marc:subfield code="a">Reise-Know-how</marc:subfield>
   </marc:datafield>
   <marc:datafield ind1=" " ind2=" " tag="250">
      <marc:subfield code="a">5., neu bearb. und komplett aktualisierte Aufl.</marc:subfield>
   </marc:datafield>
   <marc:datafield ind1="1" ind2=" " tag="520">
      <marc:subfield code="a">Angaben aus der Verlagsmeldung

Cabo Verde / von Lucete Fortes

- Ausführliche Beschreibung aller Landschaften und Orte. Empfehlungen für Reiserouten zwischen und auf den Inseln, alle praktischen Reisefragen, Transporthinweise für Flugzeug, Fähre und Sammeltaxi, Unterkünfte, Adressen u.v.m.
- für Wassersportler: Surfen an einem der besten Spots der Welt, Tauchen, Hochseefischen; mit Adressen, Kontakten u.v.m.
Eine bizarre Bergwelt im Atlantik: Vulkangebirge laden zu Wanderungen und Trekkingtouren ein. Ausführliche Beschreibung und Tipps zur Besteigung des fast 3000 m hohen Fogo-Vulkan.
- Wüstenhafte Inseln: Dünen, grüne Oasen, einsame Sandstrände, Wind, Sonne, Sand pur.
- Mit großem Kapitel Cabo Verde im Internet, sowie allen wichtigen Internet- und E-Mail-Adressen in jedem Kapitel, z.B. Quartiere, Sportstationen, Musik, weiterführende Literatur, aktuelles Wetter, Fotoarchive, Infos zu den Inseln etc.
- Ausführliches Kapitel: Als Gast in Cabo Verde.
</marc:subfield>
   </marc:datafield>
   <marc:datafield ind1=" " ind2=" " tag="020">
      <marc:subfield code="a">9783831717712</marc:subfield>
      <marc:subfield code="9">9783831717712</marc:subfield>
   </marc:datafield>
   <marc:datafield ind1=" " ind2=" " tag="041">
      <marc:subfield code="a">ger</marc:subfield>
   </marc:datafield>
   <marc:datafield ind1=" " ind2=" " tag="300">
      <marc:subfield code="a">552 S.</marc:subfield>
   </marc:datafield>
</marc:record>
